[Event "CZE-ch 2020"]
[Site "Pilsen"]
[Date "2020.08.29"]
[Round "7.34"]
[White "Janous, Marek"]
[Black "Kopriva, Martin"]
[Result "1/2-1/2"]
[WhiteElo "1968"]
[BlackElo "2079"]
[Annotator "ChessBase"]
[PlyCount "82"]
[EventDate "2020.08.23"]
[EventType "swiss"]
[EventCountry "CZE"]
[SourceTitle "playchess.com"]
[Source "ChessBase"]
[SourceQuality "1"]
[TimeControl "40/5400+30:1800+30"]

1. e4 {[%emt 0:00:00]} g6 {[%emt 0:00:00]} 2. d4 {[%emt 0:00:00]} Bg7 {[%emt 0:00:00]} 3. Nc3 {[%emt 0:00:00]} d6 {[%emt 0:00:00]} 4. Nf3 {[%emt 0:00:00]} a6 {[%emt 0:04:22]} 5. a4 {[%emt 0:00:18]} Nf6 {[%emt 0:00:47]} 6. h3 {[%emt 0:00:19]} O-O {[%emt 0:00:18]} 7. Be2 {[%emt 0:00:47]} b6 {[%emt 0:02:15]} 8. O-O {[%emt 0:16:20]} Bb7 {[%emt 0:01:46]} 9. Bd3 {[%emt 0:09:19]} Nbd7 {[%emt 0:01:37]} 10. Re1 {[%emt 0:08:42]} e5 {[%emt 0:01:56]} 11. dxe5 {[%emt 0:00:16]} dxe5 {[%emt 0:04:16]} 12. Bg5 {[%emt 0:04:07]} h6 {[%emt 0:06:34]} 13. Bxf6 {[%emt 0:00:23]} Bxf6 {[%emt 0:03:29]} 14. Bc4 {[%emt 0:00:42]} Nc5 {[%emt 0:15:52]} 15. Qe2 {[%emt 0:10:15]} c6 {[%emt 0:04:05]} 16. Qe3 {[%emt 0:05:21]} Kg7 {[%emt 0:04:09]} 17. a5 {[%emt 0:04:02]} Nd7 {[%emt 0:04:03]} 18. axb6 {[%emt 0:02:02]} Qxb6 {[%emt 0:01:49]} 19. Na4 {[%emt 0:08:13]} Qc7 {[%emt 0:04:11]} 20. Nc5 {[%emt 0:02:26]} Nxc5 {[%emt 0:03:31]} 21. Qxc5 {[%emt 0:00:06]} a5 {[%emt 0:06:18]} 22. Ra4 {[%emt 0:02:33]} Ba6 {[%emt 0:01:24]} 23. Bxa6 {[%emt 0:00:15]} Rxa6 {[%emt 0:00:10]} 24. Rea1 {[%emt 0:00:44]} Rfa8 {[%emt 0:02:16]} 25. Qc3 {[%emt 0:11:43]} Qb7 {[%emt 0:07:06]} 26. Nd2 {[%emt 0:01:42]} Bd8 {[%emt 0:01:50]} 27. Nc4 {[%emt 0:03:35]} f6 {[%emt 0:00:27]} 28. b3 {[%emt 0:00:43]} Bb6 {[%emt 0:01:01]} 29. Nxb6 {[%emt 0:01:32]} Qxb6 {[%emt 0:00:11]} 30. Rd1 {[%emt 0:02:35]} Rd8 {[%emt 0:05:15]} 31. Rd3 {[%emt 0:01:11]} h5 {[%emt 0:04:13]} 32. Rxd8 {[%emt 0:02:43]} Qxd8 {[%emt 0:00:08]} 33. Qc5 {[%emt 0:00:04]} Qd1+ {[%emt 0:04:50]} 34. Kh2 {[%emt 0:00:05]} g5 {[%emt 0:02:01]} 35. Qe7+ {[%emt 0:02:08]} Kg6 {[%emt 0:00:02]} 36. Qe8+ {[%emt 0:00:19]} Kg7 {[%emt 0:01:15]} 37. Qe7+ {[%emt 0:01:00]} Kg6 {[%emt 0:00:08]} 38. Rc4 {[%emt 0:00:37]} Qd2 {[%emt 0:00:57]} 39. Qe8+ {[%emt 0:01:07]} Kg7 {[%emt 0:01:03]} 40. Qe7+ {[%emt 0:00:47]} Kg6 {[%emt 0:00:28]} 41. Qe8+ {[%emt 0:05:43]} Kg7 {[%emt 0:00:27]} 1/2-1/2

[Event "CZE-ch 2020"]
[Site "Pilsen"]
[Date "2020.08.29"]
[Round "7.35"]
[White "Pokrupa, Marek"]
[Black "Jezek, Jan"]
[Result "1-0"]
[WhiteElo "2164"]
[BlackElo "2162"]
[Annotator "TA"]
[PlyCount "137"]
[EventDate "2020.08.23"]
[EventType "swiss"]
[EventCountry "CZE"]
[SourceTitle "playchess.com"]
[Source "ChessBase"]
[SourceQuality "1"]

{[%evp 15,137,49,49,48,54,33,61,57,68,54,98,48,80,49,79,62,81,28,27,25,69,55,59,62,62,38,50,31,49,34,70,56,87,85,156,164,168,170,173,171,172,171,180,173,164,164,231,222,216,220,381,237,244,231,857,512,525,510,509,395,511,472,381,204,176,163,170,168,172,167,270,282,396,423,411,395,831,784,752,737,862,887,910,829,771,761,12828,11293,1709,1558,12839,12839,12840,12839,12839,12839,12839,12839,12840,12840,12841,12839,12839,12839,12840,12838,12840,12838,12840,12840,12841,12841,12842,12843,12843,12843,12844,12844,12845,12845,12846,12847,12848,12846]} 1. d4 d6 2. c4 Nf6 3. Nf3 Nbd7 4. Nc3 c6 5. g3 e5 6. Qc2 Be7 7. Bg2 O-O 8. O-O Qc7 9. Rd1 {A54: Old Indian Defence with Nf3, but without e4.} a6 10. Rb1 {[#]} Nb6 $146 ({Predecessor:} 10... Re8 11. b4 Nf8 12. Bb2 Bg4 13. h3 Bh5 14. e4 Ne6 15. Ne2 exd4 16. g4 Bg6 17. Nfxd4 Nxd4 18. Bxd4 {½-½ (30) Yurtaev,L (2520)-Kuzmin,G (2555) St Petersburg 1997}) 11. b3 {White is slightly better.} Bg4 12. Be3 Nbd7 13. Rbc1 Rac8 14. Qb1 Qb8 15. h3 {[#] Black must now prevent dxe5.} Bh5 16. b4 ({Better is} 16. dxe5 $16 dxe5 17. Nh4) 16... Bg6 $11 17. Qb3 b5 18. dxe5 dxe5 19. c5 a5 20. a3 Bf5 21. Nd2 a4 22. Qb2 Be6 23. Nde4 Nd5 {Black is now going downhill.} 24. Nxd5 Bxd5 {[#]} (24... cxd5 $142 25. Nd6 Bxd6) 25. Nd6 $1 $16 Bxd6 26. Bxd5 cxd5 27. Rxd5 {[%mdl 64] Pin} Rc6 28. Rcd1 {[%cal Rd5d6]} Nxc5 29. bxc5 Bc7 30. Rb1 Ba5 (30... Qe8 $142) 31. Qxb5 $18 Qxb5 32. Rxb5 Bc3 $2 (32... Bc7 33. Rb7 Ra8) 33. Rb6 Rc7 34. c6 {[%cal Bc5c6,Bc6d7][%mdl 32]} f6 $2 (34... Rfc8 35. Rc5 Bd4) 35. Rd7 Rxd7 36. cxd7 {[%mdl 4096] Endgame KRB-KRB} Kf7 37. Rd6 Ba5 38. Ra6 Bd8 39. Ra8 (39. Kg2 $142) 39... Ke6 40. Bc5 Rg8 41. Rxa4 Kxd7 42. Ra8 Re8 (42... Kc7 $142 43. Be3 Kb7 44. Ra7+ Kc6) 43. Bb4 Bb6 (43... g5 $142 44. Ra7+ Bc7) 44. Rxe8 Kxe8 {KB-KB} 45. e4 h5 $2 (45... Kd7 46. Kf1 Kc6) 46. Kf1 {White is clearly winning.} Kd7 47. Ke2 g6 48. f3 f5 49. Kd3 Kc6 50. Kc4 fxe4 51. fxe4 Bf2 52. g4 hxg4 53. hxg4 Bb6 54. Be7 Ba5 55. Bc5 Bd2 56. a4 Ba5 57. Bb4 Bb6 58. Be7 Ba5 59. Bh4 Bb6 60. Kb4 Bc7 61. Bf2 Bd8 62. a5 {[%cal Ba4a5,Ba5a6][%mdl 32]} Be7+ 63. Kc4 Ba3 64. a6 Bb2 65. a7 Kb7 66. Kd5 Ka8 67. Bg3 Kxa7 68. Bxe5 Ba3 69. Kc6 {Accuracy: White = 78%, Black = 50%.} 1-0

[Event "CZE-ch 2020"]
[Site "Pilsen"]
[Date "2020.08.29"]
[Round "7.36"]
[White "Malinovsky, Petr"]
[Black "Taus, Martin"]
[Result "0-1"]
[WhiteElo "2081"]
[BlackElo "2142"]
[Annotator "NA"]
[PlyCount "48"]
[EventDate "2020.08.23"]
[EventType "swiss"]
[EventCountry "CZE"]
[SourceTitle "playchess.com"]
[Source "ChessBase"]
[SourceQuality "1"]
[TimeControl "40/5400+30:1800+30"]

1. d4 {[%emt 0:00:00]} e6 {[%emt 0:00:00]} 2. c4 {[%emt 0:00:05]} f5 {[%emt 0:00:00]} 3. e3 {[%emt 0:02:32]} Nf6 {[%emt 0:00:15]} 4. Bd3 {[%emt 0:02:02]} b6 {[%emt 0:00:22]} 5. Nc3 {[%emt 0:02:03]} Bb4 {[%emt 0:00:14]} 6. Nge2 {[%emt 0:00:50] A84: Dutch Defence: 2 c4 Miscellaneous.} Bb7 {[%emt 0:00:17]} 7. O-O {[%emt 0:00:30]} O-O {[%emt 0:02:01]} 8. a3 {[%emt 0:03:18]} Bd6 {[%emt 0:02:26]} 9. f3 {[%emt 0:02:12]} Nc6 {[%emt 0:06:20]} 10. b4 {[%emt 0:02:17]} a5 {[%emt 0:00:22]} 11. b5 {[%emt 0:06:35]} Ne7 {[%emt 0:01:25] [#]} 12. e4 $146 {[%emt 0:00:59]} ({Predecessor:} 12. Bb2 Ng6 13. Qe1 Nh5 14. Qf2 Qg5 15. Bc1 Qe7 16. Na4 e5 17. Bc2 Rae8 18. d5 {1-0 (83) Vasilevich,T (2393)-Kalinitschew,S (2516) Leutersdorf 2005}) 12... fxe4 {[%emt 0:00:49]} 13. fxe4 {[%emt 0:03:16]} e5 {[%emt 0:00:26]} 14. d5 $2 {[%emt 0:04:49]} (14. Na4 $11 {and White stays safe.} exd4 15. Bf4) 14... Bc5+ {[%emt 0:01:24]} 15. Kh1 {[%emt 0:00:16]} Ng4 {[%emt 0:00:07]} 16. h3 {[%emt 0:06:05]} Rxf1+ {[%emt 0:02:57]} 17. Qxf1 {[%emt 0:00:08]} Nf2+ {[%emt 0:00:05]} 18. Kh2 {[%emt 0:00:24]} Nxd3 {[%emt 0:00:06]} 19. Bd2 $19 {[%emt 0:04:23]} Ng6 {[%emt 0:05:29]} 20. Qf3 {[%emt 0:07:24]} Nb2 {[%emt 0:10:06]} 21. Be3 {[%emt 0:24:40]} Qf6 {[%emt 0:08:34]} 22. Qg3 {[%emt 0:02:24]} Qh4 {[%emt 0:00:53]} 23. Qxh4 {[%emt 0:01:14]} Nxh4 {[%emt 0:00:04]} 24. Rc1 {[%emt 0:01:01]} Bxe3 {[%emt 0:00:07]} 0-1

[Event "CZE-ch 2020"]
[Site "Pilsen"]
[Date "2020.08.29"]
[Round "7.37"]
[White "Babula ml., Vlastimil"]
[Black "Benes, Miroslav"]
[Result "1-0"]
[WhiteElo "2138"]
[BlackElo "2011"]
[Annotator "NA"]
[PlyCount "53"]
[EventDate "2020.08.23"]
[EventType "swiss"]
[EventCountry "CZE"]
[SourceTitle "playchess.com"]
[Source "ChessBase"]
[SourceQuality "1"]
[TimeControl "40/5400+30:1800+30"]

1. e4 {[%emt 0:00:00]} e5 {[%emt 0:00:21]} 2. Nf3 {[%emt 0:00:00]} Nc6 {[%emt 0:00:10]} 3. Bc4 {[%emt 0:00:17]} Nf6 {[%emt 0:00:07]} 4. d3 {[%emt 0:00:34]} Bc5 {[%emt 0:00:48]} 5. O-O {[%emt 0:00:27]} a6 {[%emt 0:02:06]} 6. c3 {[%emt 0:02:42]} d6 {[%emt 0:00:47]} 7. d4 {[%emt 0:19:09]} exd4 {[%emt 0:02:14]} 8. cxd4 {[%emt 0:00:03]} Ba7 {[%emt 0:00:45]} 9. Nc3 {[%emt 0:01:03]} Bg4 {[%emt 0:07:30]} 10. Be3 $11 {[%emt 0:01:11]} O-O {[%emt 0:00:23]} 11. Bb3 {[%emt 0:01:48]} Qd7 {[%emt 0:14:16]} 12. Kh1 {[%emt 0:01:29]} Na5 {[%emt 0:01:45]} 13. Bc2 {[%emt 0:01:43]} Nc4 {[%emt 0:04:37]} 14. h3 {[%emt 0:07:29]} Nxe3 {[%emt 0:00:38]} 15. fxe3 {[%emt 0:00:09]} Bh5 {[%emt 0:03:31]} 16. Qe1 {[%emt 0:07:01]} Bxf3 {[%emt 0:02:18]} 17. Rxf3 {[%emt 0:00:10]} Qe7 {[%emt 0:02:46]} 18. Qg3 {[%emt 0:02:12]} c6 {[%emt 0:01:23]} 19. Raf1 {[%emt 0:01:48]} Nh5 {[%emt 0:02:53]} 20. Qg4 {[%emt 0:01:28]} g6 {[%emt 0:00:14]} 21. Bb3 {[%emt 0:02:11]} d5 {[%emt 0:05:47]} 22. exd5 {[%emt 0:03:18]} c5 {[%emt 0:00:45]} 23. dxc5 {[%emt 0:05:06]} Bxc5 {[%emt 0:00:38]} 24. d6 {[%emt 0:06:27]} Bxd6 {[%emt 0:00:30]} 25. Rxf7 {[%emt 0:01:20]} Rxf7 {[%emt 0:01:22]} 26. Rxf7 {[%emt 0:01:19]} Ng3+ {[%emt 0:00:34]} 27. Qxg3 {[%emt 0:00:10]} 1-0

[Event "CZE-ch 2020"]
[Site "Pilsen"]
[Date "2020.08.30"]
[Round "8.1"]
[White "Stocek, Jiri"]
[Black "Navara, David"]
[Result "1/2-1/2"]
[WhiteElo "2595"]
[BlackElo "2719"]
[Annotator "TA"]
[PlyCount "62"]
[EventDate "2020.08.23"]
[EventType "swiss"]
[EventCountry "CZE"]
[SourceTitle "playchess.com"]
[Source "ChessBase"]
[SourceQuality "1"]

{[%evp 10,62,11,11,9,-4,0,-8,0,-23,-37,-35,44,43,42,43,46,48,58,53,60,37,64,54,54,29,29,29,29,22,26,26,23,23,23,20,30,0,6,6,7,0,0,0,8,8,13,0,0,0,0,0,0,0,0]} 1. d4 Nf6 2. c4 e6 3. Nf3 b6 4. a3 Bb7 5. Nc3 d5 6. Bf4 Bd6 {E12: Queen's Indian: Unusual White 4th moves, 4 a3, 4 Nc3 Bb7 5 a3 and 4 Nc3 Bb7 .} 7. Bg3 O-O 8. e3 c5 {[#]} 9. Qc2 $146 (9. cxd5 {is interesting.} exd5 10. Bxd6 Qxd6 11. Be2 Nc6 12. dxc5 bxc5 13. O-O) ({Predecessor:} 9. dxc5 bxc5 10. Qb3 Bc6 11. Rd1 Bxg3 12. hxg3 Nbd7 13. g4 h6 14. g5 hxg5 15. Nxg5 {½-½ (47) Krasenkow,M (2645)-Psakhis,L (2565) Polanica Zdroj 1997}) 9... cxd4 10. Nxd4 Nc6 (10... dxc4 $15 11. O-O-O Bxg3 12. hxg3 (12. Nxe6 Qe8 $17) 12... Qe7) 11. Nxc6 $14 Bxc6 12. cxd5 exd5 13. Rd1 h6 14. Be2 Rc8 15. Bf3 Bxg3 16. hxg3 Qe7 17. O-O Ne4 18. Bxe4 dxe4 19. Rd4 Rfd8 20. Rfd1 Rxd4 21. Rxd4 {[%cal Rc3e4]} Rd8 22. Qd2 Rxd4 23. exd4 Qd6 $1 {The position is equal.} 24. d5 f5 25. g4 fxg4 26. Qd4 g3 27. fxg3 Qxg3 28. dxc6 Qe1+ 29. Kh2 Qh4+ 30. Kg1 Qe1+ 31. Kh2 Qh4+ {Accuracy: White = 93%, Black = 93%.} 1/2-1/2

[Event "CZE-ch 2020"]
[Site "Pilsen"]
[Date "2020.08.30"]
[Round "8.2"]
[White "Laznicka, Viktor"]
[Black "Hracek, Zbynek"]
[Result "1/2-1/2"]
[WhiteElo "2638"]
[BlackElo "2563"]
[Annotator "TA"]
[PlyCount "105"]
[EventDate "2020.08.23"]
[EventType "swiss"]
[EventCountry "CZE"]
[SourceTitle "playchess.com"]
[Source "ChessBase"]
[SourceQuality "1"]

{[%evp 12,105,15,25,39,31,33,40,24,18,22,20,27,21,36,35,34,35,56,0,6,0,4,9,23,19,20,10,35,12,20,13,9,0,28,-25,0,0,4,-16,25,25,25,25,25,15,18,18,19,4,18,0,0,0,0,0,10,15,10,0,0,0,4,4,4,4,4,0,4,0,0,0,0,0,0,0,0,0,0,0,0,0,0,0,0,0,0,0,0,0,0,0,0,0,0,0]} 1. Nf3 d5 2. g3 Bg4 3. Bg2 Nd7 4. c4 c6 5. cxd5 cxd5 6. Nc3 e6 7. Qb3 Bxf3 {A11: English Opening: 1...c6.} 8. Bxf3 Qb6 9. Qxb6 Nxb6 {White is slightly better.} 10. b3 {[#]} Nf6 $146 ({Predecessor:} 10... Ne7 11. Bb2 Nc6 12. e3 Be7 13. O-O-O O-O 14. Kb1 Rac8 15. Rc1 Rfd8 16. d4 a6 {½-½ (41) Malakhov,V (2662)-Hracek,Z (2572) Mali Losinj 2019}) 11. Bb2 Rc8 12. e3 a6 13. Bg2 Bd6 14. f4 Ke7 15. Ne2 ({White should try} 15. e4 $14 Bb4 16. e5) 15... Rhg8 16. Nd4 g5 17. Bf3 g4 18. Bg2 h5 19. a3 h4 20. d3 Nbd7 21. Kd2 Rh8 22. Rae1 Nc5 23. Rhg1 ({White should play} 23. b4 Na4 24. Ba1) 23... hxg3 24. hxg3 Rh2 25. Re2 Nh5 26. Bf1 Rxe2+ 27. Bxe2 f5 28. b4 {[#] Hoping for Rh1.} Nd7 {The position is equal.} 29. Bd1 Kf7 30. Bc3 Bf8 31. a4 Bg7 32. Bb3 Nhf6 33. Rh1 Rh8 34. Rxh8 Bxh8 35. Ne2 Bg7 36. Kc2 Bf8 37. a5 Bd6 38. Nd4 Ke7 39. Kb2 Nb8 40. Ba4 Nbd7 41. Ka3 Ne8 42. Bd1 Nef6 43. Ka4 Kf7 44. Be1 Ke7 45. Be2 Bb8 46. b5 axb5+ 47. Nxb5 Nc5+ 48. Ka3 {[#] Strongly threatening Bb4.} Kd7 49. Kb4 Na6+ 50. Kc3 Kc6 51. Nd4+ Kd7 52. Nb5 Kc6 53. Nd4+ {Accuracy: White = 95%, Black = 90%.} 1/2-1/2

[Event "CZE-ch 2020"]
[Site "Pilsen"]
[Date "2020.08.30"]
[Round "8.3"]
[White "Polak, Tomas"]
[Black "Babula, Vlastimil"]
[Result "1/2-1/2"]
[WhiteElo "2563"]
[BlackElo "2571"]
[Annotator "TA"]
[PlyCount "112"]
[EventDate "2020.08.23"]
[EventType "swiss"]
[EventCountry "CZE"]
[SourceTitle "playchess.com"]
[Source "ChessBase"]
[SourceQuality "1"]

{[%evp 19,112,4,20,-5,21,9,11,0,13,2,0,0,16,0,0,-94,-104,-91,-88,-82,-96,-96,-72,-66,-75,-68,-43,-31,-38,-52,-38,-84,-91,-148,-151,-163,-158,-158,-151,-160,-166,-156,-155,-147,-119,-125,-130,-110,-89,-87,-96,-164,-164,-159,-159,-187,-187,-187,-187,-187,-187,-187,-165,-187,-151,-151,-151,-151,-70,-70,0,-151,0,-70,-70,-70,-35,-35,-35,-35,-35,-35,-35,-35,0,0,0,0,0,0,0,0,0,0,0]} 1. d4 Nf6 2. c4 e6 3. Nf3 b6 4. g3 Ba6 5. b3 Bb4+ 6. Bd2 Be7 7. Bg2 d5 8. cxd5 exd5 9. O-O O-O 10. Nc3 Re8 11. Rc1 {E15: Queen's Indian: 4 g3 sidelines, 4 g3 Ba6 and 4 g3 Bb7 early deviations.} Bb7 12. Bf4 Na6 13. Qc2 h6 14. Qb2 Bf8 15. Rfd1 {[#]} c5 $146 ({Predecessor:} 15... c6 16. Ne5 Qe7 17. g4 Nc7 18. Bg3 Ne6 19. e3 Rad8 20. h4 c5 21. f3 Rc8 {0-1 (42) Mikhalchishin,A (2530)-Bischoff,K (2495) Dortmund 1992}) 16. dxc5 bxc5 17. Ne1 (17. e3 $11 {remains equal.}) 17... Qd7 $17 18. Na4 {[#]} d4 $1 {Threatens to win with ...Bxg2.} 19. Bxb7 Qxb7 20. Rc4 Qe4 21. Nd3 {[%cal Rd3c5]} g5 22. Bc1 {[%cal Ra4c5]} Qxe2 23. Qxe2 Rxe2 24. Kf1 Rae8 $36 {[%mdl 2048] Black has good play.} 25. Ba3 {[%cal Ra3c5] [#]} Ng4 $1 {[%cal Rg4h2]} 26. Bxc5 (26. Naxc5 $142 Rxa2 27. Nxa6 Rxa3 28. Nc7) 26... Nxc5 ({Not} 26... Rxa2 $2 27. Bxd4 f6 28. Nc1 $18 (28. Bxa7 Ne5 $16)) 27. Naxc5 Rxa2 28. Rxd4 {[#]} Nxf2 $1 {[%mdl 512]} 29. Nxf2 Bxc5 30. R4d2 Rxd2 31. Rxd2 {[%mdl 4096] Endgame KRB-KRN} Re3 32. Rd5 Bb6 33. Ng4 Re6 34. Kg2 Kg7 35. h4 (35. Ne5 $17 {is a better defense.}) 35... gxh4 $19 36. gxh4 Re4 37. Kf3 Rb4 38. Rd3 h5 39. Ne3 Bxe3 $1 40. Rxe3 {KR-KR} Kf6 41. Rc3 Kg6 42. Kg3 f6 43. Rd3 Rg4+ (43... a5 $17 44. Rc3 Kf7) 44. Kh3 $15 Rb4 (44... Rf4 $15 45. b4 Rxb4) 45. Kg3 $17 Rg4+ (45... a6 $17 46. Rc3 Re4) 46. Kh3 $15 Re4 47. b4 Kf5 48. Rf3+ Ke5 49. Ra3 Kf4 {White must now prevent ...Re3+.} 50. Rxa7 Rxb4 51. Ra6 f5 52. Rg6 $1 {The position is equal.} Rb1 53. Kg2 Rb2+ 54. Kh3 Kf3 55. Rg3+ Ke4 (55... Kf4 $5 {[%cal Rb2b1]}) 56. Rg5 Rb3+ {Black had all chances to win. Accuracy: White = 85%, Black = 79%.} 1/2-1/2

[Event "CZE-ch 2020"]
[Site "Pilsen"]
[Date "2020.08.30"]
[Round "8.4"]
[White "Nguyen, Thai Dai Van"]
[Black "Simacek, Pavel"]
[Result "1-0"]
[WhiteElo "2569"]
[BlackElo "2474"]
[Annotator "TA"]
[PlyCount "93"]
[EventDate "2020.08.23"]
[EventType "swiss"]
[EventCountry "CZE"]
[SourceTitle "playchess.com"]
[Source "ChessBase"]
[SourceQuality "1"]

{[%evp 19,93,20,32,6,62,60,75,65,76,57,66,47,52,31,40,30,30,30,34,28,41,30,43,47,50,39,63,56,66,57,58,50,50,52,53,52,52,34,53,53,54,52,52,39,39,31,52,52,52,52,48,26,47,26,26,26,38,33,54,43,50,50,240,242,233,221,306,304,291,279,368,352,306,297,2332,2084]} 1. d4 d5 2. c4 e6 3. Nc3 c6 4. e3 Bd6 5. Nf3 f5 6. Ne5 Nf6 7. Be2 O-O 8. O-O Nbd7 9. f4 Ne4 10. Nxe4 fxe4 11. Qc2 $5 {[%mdl 4] A promising side line. A84: Dutch Defence: 2 c4 Miscellaneous.} Qe7 (11... Nxe5 $11 12. fxe5 Rxf1+ 13. Kxf1 Be7) 12. Bd2 $14 {[#]} Nf6 $146 ({Predecessor:} 12... c5 13. Rad1 cxd4 14. exd4 b6 15. cxd5 Bb7 16. dxe6 Bxe5 17. dxe5 Rac8 18. Qb3 Nc5 {1-0 (43) Chabot,R (2285)-Sauve,R (2013) Trois Rivieres 2008}) 13. a3 {White is better.} Bd7 14. b4 Be8 15. c5 Bc7 16. Rfb1 a6 17. Qd1 Nd7 18. a4 Nxe5 19. fxe5 Bd7 20. Rb3 Rfb8 21. Be1 Bd8 22. Ra2 {[%cal Ba1a2,Ba2b2,Bb2f2,Bf2f4][%mdl 32]} Ra7 23. h3 Rba8 24. Rab2 Qe8 25. Bh5 Qe7 26. Rf2 Be8 27. Rf4 {Threatens to win with Bh4.} Qd7 28. Kh2 Bg5 29. Rf1 Qe7 30. Bxe8 Rxe8 31. Qh5 {h4 is the strong threat.} g6 32. Qg4 Rf8 33. Rxf8+ Kxf8 34. h4 Bh6 35. Bg3 Ra8 36. Qe2 Qd7 37. Qb2 Re8 38. Bf2 g5 39. b5 axb5 40. axb5 cxb5 $2 {[#] A mistake that costs the game.} ({Better is} 40... Qf7 $14) 41. Rxb5 $18 Re7 42. Rb6 Kg8 43. Qe2 Qe8 44. Qg4 Qf7 45. Bg3 Kh8 46. hxg5 Qg6 $2 {[#]} (46... Bg7 47. Be1 Kg8) 47. c6 {Accuracy: White = 97%, Black = 72%.} 1-0

[Event "CZE-ch 2020"]
[Site "Pilsen"]
[Date "2020.08.30"]
[Round "8.5"]
[White "Hollan, Martin"]
[Black "Malinovsky, Karel"]
[Result "0-1"]
[WhiteElo "2346"]
[BlackElo "2474"]
[Annotator "ChessBase"]
[PlyCount "62"]
[EventDate "2020.08.23"]
[EventType "swiss"]
[EventCountry "CZE"]
[SourceTitle "playchess.com"]
[Source "ChessBase"]
[SourceQuality "1"]
[TimeControl "40/5400+30:1800+30"]

1. c4 {[%emt 0:00:00]} e6 {[%emt 0:00:00]} 2. Nf3 {[%emt 0:00:00]} d5 {[%emt 0:00:00]} 3. e3 {[%emt 0:00:00]} Nf6 {[%emt 0:00:07]} 4. b3 {[%emt 0:00:00]} c5 {[%emt 0:00:39]} 5. Bb2 {[%emt 0:00:15]} Nc6 {[%emt 0:00:20]} 6. cxd5 {[%emt 0:00:23]} exd5 {[%emt 0:00:10]} 7. Nc3 {[%emt 0:00:09]} d4 {[%emt 0:05:03]} 8. Na4 {[%emt 0:00:11]} Bd6 {[%emt 0:09:16]} 9. exd4 {[%emt 0:06:19]} cxd4 {[%emt 0:01:32]} 10. Nxd4 {[%emt 0:06:15]} Nxd4 {[%emt 0:02:55]} 11. Bxd4 {[%emt 0:00:16]} O-O {[%emt 0:00:07]} 12. Be2 {[%emt 0:01:27]} Nd5 {[%emt 0:07:18]} 13. g3 {[%emt 0:18:21]} Bh3 {[%emt 0:06:07]} 14. Bg4 {[%emt 0:02:43]} Qe7+ {[%emt 0:20:41]} 15. Be3 {[%emt 0:00:31]} Bg2 {[%emt 0:00:46]} 16. Rg1 {[%emt 0:00:56]} Be4 {[%emt 0:02:05]} 17. Bf3 {[%emt 0:22:06]} Rad8 {[%emt 0:05:55]} 18. Bxe4 {[%emt 0:13:41]} Qxe4 {[%emt 0:00:53]} 19. Rc1 {[%emt 0:00:15]} Bb4 {[%emt 0:07:01]} 20. Qc2 {[%emt 0:10:14]} Qf3 {[%emt 0:09:27]} 21. Qd1 {[%emt 0:00:39]} Qf5 {[%emt 0:00:55]} 22. g4 {[%emt 0:14:50]} Qe5 {[%emt 0:01:18]} 23. Rg3 {[%emt 0:00:14]} Nxe3 {[%emt 0:00:46]} 24. Rxe3 {[%emt 0:00:04]} Qxh2 {[%emt 0:00:17]} 25. Nc3 {[%emt 0:02:08]} Bc5 {[%emt 0:01:15]} 26. Qe2 {[%emt 0:00:30]} Bxe3 {[%emt 0:00:56]} 27. dxe3 {[%emt 0:00:26]} Qg1+ {[%emt 0:00:10]} 28. Qf1 {[%emt 0:00:04]} Qxg4 {[%emt 0:00:07]} 29. Qc4 {[%emt 0:00:57]} Qg1+ {[%emt 0:00:29]} 30. Qf1 {[%emt 0:00:04]} Qxf1+ {[%emt 0:00:05]} 31. Kxf1 {[%emt 0:00:03]} Rc8 {[%emt 0:00:06]} 0-1

[Event "CZE-ch 2020"]
[Site "Pilsen"]
[Date "2020.08.30"]
[Round "8.6"]
[White "Michalik, Peter"]
[Black "Kozusek, Daniel"]
[Result "1/2-1/2"]
[WhiteElo "2593"]
[BlackElo "2307"]
[Annotator "ChessBase"]
[PlyCount "88"]
[EventDate "2020.08.23"]
[EventType "swiss"]
[EventCountry "CZE"]
[SourceTitle "playchess.com"]
[Source "ChessBase"]
[SourceQuality "1"]
[TimeControl "40/5400+30:1800+30"]

1. e4 {[%emt 0:00:00]} c5 {[%emt 0:00:00]} 2. Nc3 {[%emt 0:00:00]} e6 {[%emt 0:00:00]} 3. Nf3 {[%emt 0:00:00]} Nc6 {[%emt 0:00:00]} 4. d4 {[%emt 0:00:03]} cxd4 {[%emt 0:00:00]} 5. Nxd4 {[%emt 0:00:05]} Nf6 {[%emt 0:00:00]} 6. Nxc6 {[%emt 0:00:28]} bxc6 {[%emt 0:00:02]} 7. e5 {[%emt 0:00:07]} Nd5 {[%emt 0:00:04]} 8. Ne4 {[%emt 0:00:08]} Bb7 {[%emt 0:00:33]} 9. Be2 {[%emt 0:01:29]} c5 {[%emt 0:01:05]} 10. O-O {[%emt 0:01:22]} Qc7 {[%emt 0:02:01]} 11. Nd6+ {[%emt 0:00:29]} Bxd6 {[%emt 0:00:07]} 12. exd6 {[%emt 0:00:03]} Qb6 {[%emt 0:01:03]} 13. c4 {[%emt 0:05:58]} Nb4 {[%emt 0:00:13]} 14. Be3 {[%emt 0:02:37]} Nc6 {[%emt 0:09:00]} 15. b4 {[%emt 0:06:12]} Nxb4 {[%emt 0:03:42]} 16. a3 {[%emt 0:03:17]} Nc6 {[%emt 0:00:55]} 17. Rb1 {[%emt 0:00:22]} Qa6 {[%emt 0:00:53]} 18. Bxc5 {[%emt 0:00:24]} O-O {[%emt 0:10:49]} 19. Rb5 {[%emt 0:01:19]} Nd8 {[%emt 0:03:14]} 20. Bb4 {[%emt 0:25:33]} Bc6 {[%emt 0:02:50]} 21. Rg5 {[%emt 0:00:13]} f6 {[%emt 0:06:16]} 22. Rg3 {[%emt 0:00:15]} e5 {[%emt 0:08:26]} 23. Bd3 {[%emt 0:14:37]} Ne6 {[%emt 0:03:52]} 24. Qb1 {[%emt 0:01:57]} e4 {[%emt 0:04:42]} 25. Bxe4 {[%emt 0:00:08]} Bxe4 {[%emt 0:00:04]} 26. Qxe4 {[%emt 0:00:05]} Rac8 {[%emt 0:00:49]} 27. Rc1 {[%emt 0:04:32]} Rc6 {[%emt 0:02:49]} 28. Rgc3 {[%emt 0:05:25]} Qa4 {[%emt 0:01:57]} 29. Qd5 {[%emt 0:00:48]} Ra8 {[%emt 0:08:22]} 30. Qb5 {[%emt 0:01:45]} Qa6 {[%emt 0:00:07]} 31. h3 {[%emt 0:06:01]} Qc8 {[%emt 0:02:42]} 32. Rd3 {[%emt 0:01:31]} a5 {[%emt 0:01:42]} 33. Be1 {[%emt 0:04:43]} Rc5 {[%emt 0:13:19]} 34. Qb3 {[%emt 0:00:56]} Qc6 {[%emt 0:01:43]} 35. Bd2 {[%emt 0:00:46]} Rc8 {[%emt 0:03:34]} 36. Rd5 {[%emt 0:00:39]} a4 {[%emt 0:02:36]} 37. Qb4 {[%emt 0:03:52]} Rxc4 {[%emt 0:02:21]} 38. Rxc4 {[%emt 0:00:09]} Qxc4 {[%emt 0:00:03]} 39. Qxc4 {[%emt 0:00:10]} Rxc4 {[%emt 0:00:05]} 40. Ra5 {[%emt 0:00:35]} Kf7 {[%emt 0:03:40]} 41. Ra7 {[%emt 0:35:41]} Nc5 {[%emt 0:31:01]} 42. Be3 {[%emt 0:00:14]} Ke6 {[%emt 0:00:26]} 43. Bxc5 {[%emt 0:00:07]} Rxc5 {[%emt 0:00:14]} 44. Rxa4 {[%emt 0:00:08]} Rc1+ {[%emt 0:00:09]} 1/2-1/2